Countries With The Most College Graduates - Statistics

General Stats
  • This quiz has been taken 15 times
  • The average score is 18 of 22
Answer Stats
% Country % Correct
53 Australia
100%
63 Canada
100%
42 Spain
100%
54 United Kingdom
100%
51 United States
100%
44 New Zealand
92%
45 Belgium
85%
45 Denmark
85%
43 Finland
85%
43 France
85%
58 Ireland
85%
57 Japan
85%
45 Netherlands
85%
50 Norway
85%
56 South Korea
85%
52 Sweden
85%
46 Switzerland
85%
44 Iceland
77%
51 Israel
77%
54 Luxembourg
62%
43 Estonia
54%
48 Lithuania
54%
No matching quizzes found
Score Distribution
Percent of People with Each Score
Percentile by Number Answered
Your Score History
You have not taken this quiz